|
|
|
|
| LEADER |
00906nam a22002772a 4500 |
| 001 |
000130298 |
| 003 |
CZ BrMZK |
| 005 |
20140526130853.0 |
| 007 |
ta |
| 008 |
010907s1961 xr af f 000 0 cze d |
| 015 |
|
|
|a cnb000253261
|
| 035 |
|
|
|a (OCoLC)85200494
|
| 040 |
|
|
|a ABA001
|b cze
|c OSA001
|d BOA001
|
| 080 |
9 |
|
|a 631.2.006.5:632.7
|
| 080 |
9 |
|
|a 648.7(022)
|
| 100 |
1 |
|
|a Bartoš, Jaroslav,
|d 1931-
|7 jk01010919
|4 aut
|
| 245 |
1 |
0 |
|a Boj proti skladištním škůdcům /
|c Jaroslav Bartoš, Jan Pulpán, Petr H. Verner
|
| 250 |
|
|
|a 1. vyd.
|
| 260 |
|
|
|a Praha :
|b Státní zemědělské nakladatelství,
|c 1961
|
| 300 |
|
|
|a 363 s., příl.
|
| 700 |
1 |
|
|a Půlpán, Jan
|4 aut
|
| 700 |
1 |
|
|a Verner, Petr Hubert,
|d 1932-2016
|7 jn19990010110
|4 aut
|
| 910 |
|
|
|a BOA001
|b 2-0458.756
|
| 990 |
|
|
|a BK
|
| 991 |
|
|
|b 201007
|
| 996 |
6 |
|
|b 2619974195
|c 2-0458.756
|l MZK
|r Sklad / do 24 hodin
|n 0
|w 000130298
|u 000010
|a 1
|e BOA001
|j MZK50
|s P
|